Vedení lidí a koučování v každodenní praxi
Salvato in:
| Autore principale: | |
|---|---|
| Altri autori: | , |
| Natura: | Libro |
| Lingua: | ceco |
| Pubblicazione: |
Praha
Grada Publishing
2009
|
| Serie: | Management
|
| Soggetti: | |
| Tags: |
Nessun Tag, puoi essere il primo ad aggiungerne!!
|
MARC
| LEADER | 00000nam a2200000 4500 | ||
|---|---|---|---|
| 001 | 0236491 | ||
| 005 | 20240313133628.2 | ||
| 020 | |a 978-80-247-2654-0 | ||
| 041 | 0 | |a cze | |
| 044 | |a CZ | ||
| 245 | 1 | 0 | |a Vedení lidí a koučování v každodenní praxi |c Elisabeth Haberleitner, Elisabeth Deistler, Robert Ungvari |
| 264 | 1 | |a Praha |b Grada Publishing |c 2009 | |
| 300 | |a 255 s. | ||
| 490 | 1 | |a Management | |
| 830 | 0 | |a Management | |
| 610 | 2 | 0 | |a vedenie ľudí |
| 610 | 2 | 0 | |a koučovanie |
| 610 | 2 | 0 | |a motivácia pracovná |
| 610 | 2 | 0 | |a zdroje ľudské |
| 610 | 2 | 0 | |a riadenie ľudských zdrojov |
| 610 | 2 | 0 | |a manažment personálny |
| 100 | 1 | |a Haberleitner, Elisabeth | |
| 700 | 1 | |a Deistler, Elisabeth | |
| 700 | 1 | |a Ungvari, Robert | |